[Event "XXI ABERTO INTERNACIONAL DE XA"]
[Site "Pontevedra"]
[Date "2008.08.18"]
[Round "9.2"]
[White "Stanoev, Atanas"]
[Black "Sriram, Jha"]
[Result "0-1"]
[WhiteElo "2198"]
[BlackElo "2429"]
[PlyCount "216"]
[EventDate "2008.08.10"]

1. d4 d5 2. c4 e6 3. Nf3 c6 4. Qc2 Nf6 5. Bg5 Nbd7 6. e3 h6 7. Bh4 g5 8. Bg3
Ne4 9. Nc3 Nxg3 10. hxg3 Bg7 11. Rd1 O-O 12. Bd3 f5 13. Qe2 g4 14. Ng1 Nf6 15.
Qc2 Bd7 16. Nge2 Be8 17. Nf4 Bf7 18. cxd5 cxd5 19. Qb3 Qe7 20. Rc1 Rac8 21. Rc2
h5 22. O-O Bh6 23. Nce2 Rxc2 24. Qxc2 Ne8 25. Rc1 Nd6 26. Qc7 Qxc7 27. Rxc7 Rc8
28. Rxc8+ Nxc8 29. Nc3 Kf8 30. Kf1 Ke7 31. Ke2 Nd6 32. Nb5 Nc8 33. Nc3 a6 34.
Na4 Nd6 35. Kd2 a5 36. Nc3 Be8 37. a4 b6 38. b3 Bxf4 39. exf4 Kd8 40. Ke2 Bc6
41. Ke3 Ne8 42. Ke2 Nc7 43. Ke3 Bb7 44. Nb5 Ne8 45. Nc3 Ke7 46. Na2 Bc6 47. Nc3
Nc7 48. Bb5 Kd6 49. Ke2 Ne8 50. Ke3 Nf6 51. Ke2 Ng8 52. Ke3 Ne7 53. Bf1 Ng6 54.
Be2 Bd7 55. Nb1 Kc7 56. Nc3 Ne7 57. Bb5 Nc8 58. Ba6 Nd6 59. Bd3 Bc6 60. Ke2 Kd8
61. Ke3 Ke7 62. Ke2 Ne8 63. Ke3 Nc7 64. Ke2 Bb7 65. Bb5 Ba6 66. Ke3 Bc8 67. Ke2
Bd7 68. Ke3 Bxb5 69. axb5 Kd7 70. Ke2 Ne8 71. Ke3 Nd6 72. Ke2 Nf7 73. Ke3 Nh8
74. Nb1 Ng6 75. Na3 Ne7 76. Nb1 Ng8 77. Nc3 Nf6 78. Ne2 Kd6 79. Kd2 Ng8 80. Nc3
Ne7 81. Nb1 Ng6 82. Na3 h4 83. gxh4 Nxh4 84. g3 Ng6 85. Nb1 Ne7 86. Nc3 Ng8 87.
Ke2 Nf6 88. Kd2 Ne4+ 89. Nxe4+ dxe4 90. Ke2 Kd5 91. Ke3 a4 92. bxa4 Kc4 93. a5
Kxb5 94. axb6 Kxb6 95. Kd2 Kc6 96. Kc2 Kd5 97. Kc3 e3 98. fxe3 Ke4 99. Kc4 Kxe3
100. d5 exd5+ 101. Kxd5 Kf3 102. Ke5 Kxg3 103. Kxf5 Kh4 104. Ke6 g3 105. f5 g2
106. f6 g1=Q 107. Ke7 Qc5+ 108. Kf7 Kg5 0-1

[Event "XXI ABERTO INTERNACIONAL DE XA"]
[Site "Pontevedra"]
[Date "2008.08.18"]
[Round "9.3"]
[White "Ortiz Suarez, Isam"]
[Black "Rivera, Daniel"]
[Result "1-0"]
[WhiteElo "2392"]
[BlackElo "2322"]
[PlyCount "85"]
[EventDate "2008.08.10"]

1. e4 c5 2. Nf3 Nc6 3. d4 cxd4 4. Nxd4 Nf6 5. Nc3 e5 6. Ndb5 d6 7. Bg5 a6 8.
Na3 Be6 9. Nc4 Rc8 10. Bxf6 gxf6 11. Ne3 Bh6 12. Ncd5 Bxe3 13. Nxe3 Qb6 14. Bd3
Qxb2 15. O-O Qd4 16. Qf3 Ke7 17. Rab1 b5 18. c4 Qc5 19. Qh5 b4 20. Kh1 Rhg8 21.
Nd5+ Bxd5 22. exd5 Na5 23. f4 Qe3 24. Qf5 Qd2 25. Be4 Nxc4 26. fxe5 Nxe5 27.
Qxf6+ Kd7 28. Bf5+ Ke8 29. Bh3 Rc2 30. Rbe1 Qxd5 31. Rf5 Rc5 32. Rf2 a5 33. Qh6
a4 34. Qxh7 Rf8 35. Qf5 Kd8 36. Qf6+ Ke8 37. Rff1 b3 38. axb3 axb3 39. Rd1 Nd3
40. Rd2 b2 41. Re2+ Qe5 42. Rxe5+ Rxe5 43. Qf3 1-0

[Event "XXI ABERTO INTERNACIONAL DE XA"]
[Site "Pontevedra"]
[Date "2008.08.18"]
[Round "9.4"]
[White "Spassov, Liuben"]
[Black "Fernandez De Pablo, Miguel A"]
[Result "1/2-1/2"]
[WhiteElo "2428"]
[BlackElo "2232"]
[PlyCount "107"]
[EventDate "2008.08.10"]

1. d4 Nf6 2. c4 g6 3. Nc3 Bg7 4. e4 d6 5. f3 e5 6. Nge2 c6 7. Be3 O-O 8. d5 c5
9. Qd2 Ne8 10. g4 f5 11. gxf5 gxf5 12. exf5 Qh4+ 13. Ng3 Rxf5 14. Be2 Rf4 15.
Nce4 Na6 16. O-O-O Nac7 17. a4 Bd7 18. b3 b6 19. Kc2 Na6 20. Rhg1 Nb4+ 21. Kb1
a6 22. Nc3 b5 23. cxb5 axb5 24. Nxb5 Kh8 25. Bxf4 exf4 26. Ne4 Bf5 27. Rxg7
Kxg7 28. Rg1+ Bg6 29. Bc4 Kf8 30. Kc1 Bxe4 31. fxe4 Qf6 32. Qb2 Qxb2+ 33. Kxb2
Rd8 34. Rf1 Rd7 35. Rxf4+ Kg7 36. Kc3 Kg6 37. h4 Nf6 38. Be2 Nfxd5+ 39. exd5
Nxd5+ 40. Kc4 Nxf4 41. Bd1 Kf6 42. a5 Ke5 43. a6 Ne6 44. a7 d5+ 45. Kc3 Rd8 46.
Bg4 c4 47. Bxe6 Kxe6 48. a8=Q Rxa8 49. Nc7+ Kf5 50. Nxa8 cxb3 51. Nc7 d4+ 52.
Kxb3 Kg4 53. Kc4 Kxh4 54. Kxd4 1/2-1/2

[Event "XXI ABERTO INTERNACIONAL DE XA"]
[Site "Pontevedra"]
[Date "2008.08.18"]
[Round "9.5"]
[White "Alonso Macias, Victor"]
[Black "Permuy Lorenzo, Carlos Javier"]
[Result "1/2-1/2"]
[WhiteElo "1977"]
[BlackElo "2335"]
[PlyCount "52"]
[EventDate "2008.08.10"]

1. e4 c5 2. Nf3 Nc6 3. d4 cxd4 4. Nxd4 e5 5. Nb5 d6 6. c4 Be6 7. N1c3 a6 8. Na3
Be7 9. Nc2 Rc8 10. b3 Nf6 11. Bb2 Qa5 12. Qd2 O-O 13. g3 b5 14. cxb5 axb5 15.
Bg2 Rfd8 16. Nd5 Qxd2+ 17. Kxd2 Bxd5 18. exd5 Nb8 19. Nb4 Nfd7 20. h4 Nb6 21.
Rhc1 f5 22. Rxc8 Rxc8 23. Rc1 Rc5 24. Rxc5 dxc5 25. Bxe5 N8d7 26. Nc6 Bf8
1/2-1/2

[Event "XXI ABERTO INTERNACIONAL DE XA"]
[Site "Pontevedra"]
[Date "2008.08.18"]
[Round "9.6"]
[White "Espineira Gonzalez, Diego"]
[Black "Maleki, Manuel"]
[Result "1-0"]
[WhiteElo "2267"]
[BlackElo "2189"]
[PlyCount "47"]
[EventDate "2008.08.10"]

1. e4 e6 2. d4 d5 3. Nd2 Nf6 4. e5 Nfd7 5. c3 c5 6. f4 Nc6 7. Ndf3 cxd4 8. cxd4
a6 9. Bd3 Nb6 10. Ne2 a5 11. O-O g6 12. Kh1 Bd7 13. g4 h5 14. f5 hxg4 15. fxg6
Be7 16. gxf7+ Kxf7 17. Ng5+ Kg7 18. Nf7 Qg8 19. Nxh8 Kxh8 20. Nf4 Be8 21. Rg1
Nxd4 22. Rxg4 Qf8 23. Qf1 Bh5 24. Qh3 1-0

[Event "XXI ABERTO INTERNACIONAL DE XA"]
[Site "Pontevedra"]
[Date "2008.08.18"]
[Round "9.7"]
[White "Lestao Balseiro, Adrian"]
[Black "Rodriguez Calvo, Manoel"]
[Result "0-1"]
[WhiteElo "2202"]
[BlackElo "2167"]
[PlyCount "84"]
[EventDate "2008.08.10"]

1. d4 d5 2. c4 e6 3. Nc3 Nf6 4. Bg5 Be7 5. e3 O-O 6. Nf3 Nbd7 7. Qc2 c6 8.
O-O-O a6 9. Kb1 Re8 10. h4 h6 11. Bxf6 Bxf6 12. g4 g6 13. Bd3 Bg7 14. g5 h5 15.
cxd5 exd5 16. e4 dxe4 17. Nxe4 Nb6 18. Ne5 Nd5 19. Rhe1 Be6 20. Nc5 Nb4 21.
Nxe6 Nxc2 22. Nxd8 Nxe1 23. Bc4 Rexd8 24. Rxe1 Bxe5 25. dxe5 Rd4 26. Bb3 Re8
27. Re3 Rf4 28. Kc2 Rxf2+ 29. Kc3 Rf4 30. a4 a5 31. Bc4 Re7 32. b3 Rxh4 33. Rf3
Re4 34. e6 fxe6 35. Rf6 Rg7 36. Bd3 Re5 37. Bxg6 Rxg5 38. Bd3 Re7 39. Bc4 Kg7
40. Rxe6 Rxe6 41. Bxe6 h4 42. Bc8 h3 0-1

[Event "XXI ABERTO INTERNACIONAL DE XA"]
[Site "Pontevedra"]
[Date "2008.08.18"]
[Round "9.10"]
[White "Casares Cabanas, Carlos"]
[Black "Devesa Raris, Victor Hugo"]
[Result "1-0"]
[WhiteElo "2203"]
[BlackElo "1909"]
[PlyCount "81"]
[EventDate "2008.08.10"]

1. e4 c5 2. Nf3 d6 3. d4 cxd4 4. Nxd4 Nf6 5. Nc3 a6 6. Bc4 e6 7. Be3 b5 8. Bb3
Nbd7 9. f4 Nc5 10. e5 dxe5 11. fxe5 Nxb3 12. axb3 Nd7 13. Qf3 Rb8 14. O-O Nxe5
15. Qg3 Qd6 16. Rad1 f6 17. Ndxb5 Qb4 18. Rf4 Rxb5 19. Rxb4 Rxb4 20. h3 Bb7 21.
Qf2 Nd7 22. Qd2 Bc8 23. Ne2 Be7 24. Nd4 Ne5 25. Qc3 O-O 26. Nc6 Nxc6 27. Qxc6
Rb5 28. Bf2 f5 29. Qc4 Bf6 30. c3 Kh8 31. b4 e5 32. Bc5 Rg8 33. Qe2 e4 34. Bd4
Be7 35. Qf2 Be6 36. Ra1 Ra8 37. Qg3 Bf8 38. h4 Bc4 39. h5 h6 40. Qc7 Bd3 41.
Qc6 1-0